The Path of the Imams (A.S.) (Record no. 11595)
[ view plain ]
| 000 -LEADER | |
|---|---|
| fixed length control field | 00265nam a2200109Ia 4500 |
| 100 ## - MAIN ENTRY--AUTHOR NAME | |
| Personal name | S. Irtiza Husain |
| 245 #4 - TITLE STATEMENT | |
| Title | The Path of the Imams (A.S.) |
| 260 ## - PUBLICATION, DISTRIBUTION, ETC. (IMPRINT) | |
| Place of publication | Canada |
| Name of publisher | Pearson |
| Year of publication | 2002 |
| 300 ## - PHYSICAL DESCRIPTION | |
| Number of Pages | 110 |
| 942 ## - ADDED ENTRY ELEMENTS (KOHA) | |
| Koha item type | Books |
No items available.